00741nam a2200277Ia 4500008004100000040001200041082001700053082001500070100002800085245004800113260001200161260001600173300000700189300000600196300001400202530001700216563001400233600002800247630004800275650002000323650001400343700002800357730004800385942000900433999002100442160716s9999||||xx |||||||||||||| ||und|| cMarathi aXV.E/Dhondge bBORI-90127 aMuktabai Keshav Dhondge aMisa Antargat Jelmadhil Muqt Vichar Manthan aKandhar bM.V.shendge a76 cB ePaperback u00090127.pdf aReference aMuktabai Keshav Dhondge aMisa Antargat Jelmadhil Muqt Vichar Manthan aCollected works aReference aMuktabai Keshav Dhondge aMisa Antargat Jelmadhil Muqt Vichar Manthan cBOOK c1399186d1399183